000 00539nam a2200193Ia 4500
005 20250707112853.0
008 008 250516s9999 xx 000 0 hin d
020 _a9789357753470
040 _beng
_cSDCL
041 _ahin
_2hin
084 _aD6,8(B) R4
100 _aSharma, Sunil Kumar
_9526793
245 0 _aChat GPT :
_bEk Adhyayan
246 _aचैट जीपीटी :
_bएक अध्ययन
260 _aNew Delhi :
_bVani Prakashan,
_c2024.
300 _axii, 106p.
650 _aHindi
942 _cTEXL
_2CC
999 _c1430495
_d1430495